000 00363nam a2200133Ia 4500
005 20250729165810.0
008 250729s2022 xx 000 0 und d
041 _aeng
082 _a370.25 DEVI
100 _aDevika H G
_9233266
245 _aThe Essential of Guidence and counselling
260 _aMysore
_bVismaya Prakashana
_c2022
650 _aEducation
_9233267
999 _c240195
_d240195